| 000 | 00742nam a22002417a 4500 | ||
|---|---|---|---|
| 005 | 20170124110035.0 | ||
| 010 | _a744531 | ||
| 020 | _c00.00 | ||
| 035 | _a744531 | ||
| 037 | _bCen Lib/Ret | ||
| 040 |
_aDPL _bEN |
||
| 082 |
_a301.40973 _bAME |
||
| 245 |
_aAmerican conservative thought in the tewntieth century / _cedited by William F. Buckley |
||
| 260 |
_aIndianapolis _bThe Bobbs-Merrill Company, Inc. _c1970 |
||
| 300 |
_aliv,554p. _c20cm(Hb) |
||
| 490 | _aThe American Heritage Series | ||
| 500 | _aIncludes index. | ||
| 650 |
_aSocial Science _922610 |
||
| 650 |
_aAmerican Scoiety _922611 |
||
| 650 |
_aWomen's rights _93897 |
||
| 700 |
_a Buckley, William F. _922608 |
||
| 942 |
_2ddc _cEN _h301.40973 _mBUS |
||
| 999 |
_c128175 _d128175 |
||